Statistics for Political Geography: Prorupted States (Countries)

Click here to take the quiz!

General Stats

  • This quiz has been taken 50 times
  • The average score is 19 of 59

Answer Stats

Answer% Correct
United States
74%
Thailand
65%
Mexico
63%
Russia
63%
Canada
59%
D.R. Congo
59%
India
59%
China
50%
Italy
50%
Namibia
50%
Republic of the Congo
50%
Greece
43%
Somalia
43%
Afghanistan
39%
Mozambique
39%
Egypt
37%
Mali
37%
Uzbekistan
37%
Azerbaijan
35%
Croatia
35%
Israel
35%
Bangladesh
33%
Finland
33%
Gambia
33%
Jordan
33%
Myanmar
33%
Turkmenistan
33%
Georgia
30%
Haiti
30%
Kazakhstan
30%
Senegal
30%
Venezuela
30%
Zambia
30%
Armenia
28%
Austria
28%
Guatemala
28%
Kyrgyzstan
28%
Cameroon
26%
Djibouti
26%
Eritrea
26%
Niger
26%
Costa Rica
24%
Ireland
24%
Monaco
24%
Netherlands
24%
Papua New Guinea
24%
Dominican Republic
22%
Guinea-Bissau
22%
Latvia
20%
Moldova
20%
Nicaragua
20%
Cyprus
17%
North Korea
17%
Liechtenstein
15%
Iceland
13%
Trinidad and Tobago
13%
Burundi
11%
Saint Kitts and Nevis
11%
Tajkistan
0%

Score Distribution

Percentile by Number Answered

Percent of People with Each Score

Your Score History

You have not taken this quiz